American Revolution Sudden Death - Statistics

General Stats
  • This quiz has been taken 64 times
  • The average score is 4 of 14
Answers on the Grid
Answers color-coded by a green-red scale on the quiz's grid according to % correct below.
George Washington
Henry Knox
James Monroe
John Adams
Ethan Allen
Charles Cornwallis
Patrick Henry
Robert Lee
James Polk
Benedict Arnold
Charles Lee
George Maclennen
Fredrick Douglass
Israel Putnam
Nathanael Greene
William Moultrie
Thomas Gage
William Howe
Meriwether Lewis
William Clark
Sam Houston
Donald Trenton
William Mercer
Benjamin Franklin
Alexander Hamilton
Cornelius Princeton
Andrew Carnegie
John Rockefeller
Ulysses S Grant
John F Kennedy
 
Answer Stats
Answer % Correct
George Washington
98%
Benedict Arnold
45%
Charles Cornwallis
43%
Patrick Henry
40%
Henry Knox
33%
James Monroe
30%
Alexander Hamilton
20%
Ethan Allen
20%
Israel Putnam
20%
Nathanael Greene
20%
Thomas Gage
18%
Charles Lee
15%
William Howe
13%
William Moultrie
5%
No matching quizzes found
Score Distribution
Percent of People with Each Score
Percentile by Number Answered
Your Score History
You have not taken this quiz